Rainy season rice production in royal universty of agriculture, ផលិតកម្មស្រូវលក្ខខណ្ឌរដូវវស្សានៅសាកលវិទ្យាល័យផូមិន្ទកសិកម្ម (Record no. 1133)
[ view plain ]
| 000 -LEADER | |
|---|---|
| fixed length control field | 00603nam a22001577a 4500 |
| 003 - CONTROL NUMBER IDENTIFIER | |
| control field | OSt |
| 005 - DATE AND TIME OF LATEST TRANSACTION | |
| control field | 20150923143555.0 |
| 008 - FIXED-LENGTH DATA ELEMENTS--GENERAL INFORMATION | |
| fixed length control field | 150923b xxu||||| |||| 00| 0 eng d |
| 040 ## - CATALOGING SOURCE | |
| Transcribing agency | RUA |
| 082 ## - DEWEY DECIMAL CLASSIFICATION NUMBER | |
| Classification number | AGR PUT 2007 B034 Or.1 |
| 100 ## - MAIN ENTRY--PERSONAL NAME | |
| 9 (RLIN) | 1190 |
| Personal name | PUT, BUNNA. |
| 245 ## - TITLE STATEMENT | |
| Title | Rainy season rice production in royal universty of agriculture, ផលិតកម្មស្រូវលក្ខខណ្ឌរដូវវស្សានៅសាកលវិទ្យាល័យផូមិន្ទកសិកម្ម |
| 260 ## - PUBLICATION, DISTRIBUTION, ETC. (IMPRINT) | |
| Place of publication, distribution, etc. | Phnom Penh |
| Name of publisher, distributor, etc. | RUA |
| Date of publication, distribution, etc. | 2007 |
| 300 ## - PHYSICAL DESCRIPTION | |
| Extent | xv, 44p. |
| Other physical details | ill. |
| Dimensions | 29cm. |
| 942 ## - ADDED ENTRY ELEMENTS (KOHA) | |
| Source of classification or shelving scheme | |
| Koha item type | AGR |
| Price effective from | Date last seen | Permanent Location | Not for loan | Date acquired | Source of classification or shelving scheme | Koha item type | Shelving location | Barcode | Lost status | Damaged status | Withdrawn status | Current Location | Full call number |
|---|---|---|---|---|---|---|---|---|---|---|---|---|---|
| 2015-09-23 | 2015-09-23 | Library Block B | 2015-09-23 | AGR | RUA002530 | Library Block B | AGR PUT 2007 B034 Or.1 | ||||||
| 2015-09-23 | 2015-09-23 | Library Block B | 2015-09-23 | AGR | RUA002534 | Library Block B | AGR PUT 2007 B034 Or.2 | ||||||
| 2015-09-23 | 2015-09-23 | Library Block B | 2015-09-23 | AGR | RUA002678 | Library Block B | AGR PUT 2007 B034 Or.3 | ||||||
| 2015-09-23 | 2015-09-23 | Library Block B | 2015-09-23 | AGR | RUA002602 | Library Block B | AGR PUT 2007 B034 Or.4 | ||||||
| 2015-09-23 | 2015-09-23 | Library Block B | 2015-09-23 | AGR | RUA002960 | Library Block B | AGR PUT 2007 B034 Or.5 | ||||||
| 2018-12-24 | 2018-12-24 | Library Block B | 2018-12-24 | AGR | B1.194 | A41625 | Library Block B | AGR PUT 2007 B1.194 Or.1 |